000 01175nam a2200217Ia 4500
001 15248
003 GE_BSU
008 181216s||||||||xx |||||||||||||| ||und||
040 _cGE_BSU
080 _a821.353.1
245 _aჩვენი საუნჯე:ქართული მწერლობა ოც ტომად. ტ.16 შიო არაგვისპირელი, ბაჩანა, დუტუ მეგრელი, ანასტასია ერისთავ-ხოშტარია, თედო რაზიკაშვილი
245 _cრედ.ი.გრიშაშვილი. მხატვ.ლ.გრიგოლია
260 _aთბილისი
260 _bნაკადული
260 _c1961
300 _a576გვ.23სმ.
653 _aქართული მწერლობა
653 _aშიო არაგვისპირელი, ბაჩანა, დუტუ მეგრელი, ანასტასია ერისთავ-ხოშტარია, თედო რაზიკაშვილი
653 _aჩვენი საუნჯე
942 _cBK
999 _c48360
_d48360